[Event "POL-ch Universities (Women)"]
[Site "Lublin"]
[Date "2024.02.24"]
[Round "9"]
[White "Furtak, Joanna"]
[Black "Dmochowska, Agnieszka"]
[Result "0-1"]
[WhiteElo "1883"]
[BlackElo "2001"]
[PlyCount "87"]
[EventDate "2024.02.22"]
[EventType "swiss"]
[EventRounds "9"]
[EventCountry "POL"]
[SourceTitle "CB10_2024"]
[SourceDate "2024.03.06"]
[SourceVersion "1"]
[SourceVersionDate "2024.03.06"]
[SourceQuality "1"]

1. e4 c5 2. Nf3 Nc6 3. Nc3 e5 4. Bc4 Be7 5. a3 Nf6 6. d3 0-0 7. 0-0 d6 8. h3 Be6 9. Be3 a6 10. Ng5 d5 11. exd5 Bxd5 12. Nxd5 Nxd5 13. Qh5 Bxg5 14. Bxg5 f6 15. Be3 Kh8 16. Bxc5 Re8 17. Qf3 Nf4 18. Be3 Ne6 19. Bxe6 Rxe6 20. Rfe1 Rc8 21. Rad1 Rd6 22. Qg4 Nd4 23. Bxd4 Rxd4 24. Qe2 Qb6 25. c3 Rdd8 26. Rd2 h6 27. Red1 Re8 28. Qe3 Qb3 29. Qe4 Rcd8 30. Qc4 Qb6 31. d4 exd4 32. cxd4 Rc8 33. Qd3 Qd6 34. d5 Rc5 35. g3 Re5 36. Qf3 a5 37. Kg2 b6 38. h4 Rb5 39. Kh2 Rc5 40. Kg2 Re7 41. h5 Re5 42. g4 Rg5 43. Kh3 Qd7 44. Re2 0-1

[Event "Worclaw Kurtyka Memorial"]
[Site "Wroclaw"]
[Date "2023.12.17"]
[Round "3"]
[White "Dmochowska, Agnieszka"]
[Black "Barwinska, Ewa"]
[Result "1-0"]
[WhiteElo "2039"]
[BlackElo "2084"]
[PlyCount "89"]
[EventDate "2023.12.17"]
[EventType "swiss"]
[EventRounds "5"]
[EventCountry "POL"]
[SourceTitle "CB52_2023"]
[SourceDate "2023.12.27"]
[SourceVersion "1"]
[SourceVersionDate "2023.12.27"]
[SourceQuality "1"]

1. e4 c5 2. Nf3 d6 3. c3 Nf6 4. Bd3 Bg4 5. Bc2 Nc6 6. d3 d5 7. Qe2 Ne5 8. Nxe5 Bxe2 9. Ba4+ Nd7 10. Bxd7+ Qxd7 11. Nxd7 Bxd3 12. Nxc5 dxe4 13. Be3 e5 14. Nxd3 exd3 15. Nd2 f5 16. f3 b5 17. a4 b4 18. Nc4 e4 19. fxe4 fxe4 20. Kd2 Be7 21. Rae1 0-0 22. h4 Rac8 23. b3 bxc3+ 24. Kxc3 a5 25. Ref1 Bb4+ 26. Kb2 Rf6 27. Rxf6 gxf6 28. Rf1 Kg7 29. Rf4 Re8 30. Kc1 Kg6 31. g4 h5 32. gxh5+ Kxh5 33. Bd2 Bf8 34. Rxf6 Kxh4 35. Ne3 Kg3 36. Be1+ Kh3 37. Rf5 Ba3+ 38. Kd1 Rh8 39. Rxa5 Kh2 40. Re5 Rc8 41. Nc4 Bf8 42. Rxe4 Rb8 43. Nd2 Bb4 44. Nf3+ Kg2 45. Rxb4 1-0

[Event "Worclaw Litwinska Memorial KO"]
[Site "Wroclaw"]
[Date "2023.12.17"]
[Round "1.2"]
[White "Stefanova, Antoaneta"]
[Black "Dmochowska, Agnieszka"]
[Result "1-0"]
[WhiteElo "2442"]
[BlackElo "2039"]
[PlyCount "72"]
[EventDate "2023.12.17"]
[EventType "k.o. (rapid)"]
[EventRounds "4"]
[EventCountry "POL"]
[SourceTitle "CB52_2023"]
[SourceDate "2023.12.27"]
[SourceVersion "1"]
[SourceVersionDate "2023.12.27"]
[SourceQuality "1"]

1. d4 Nf6 2. Nf3 e6 3. e3 d5 4. Bd3 Be7 5. 0-0 0-0 6. b3 c5 7. Bb2 cxd4 8. exd4 Nc6 9. Ne5 Nb4 10. Be2 Ne4 11. a3 Nc6 12. Bd3 f6 13. Nxc6 bxc6 14. Re1 f5 15. f3 Nd6 16. Nc3 Bh4 17. Re2 f4 18. Na4 Nf5 19. Bxf5 Rxf5 20. Nc5 Qf6 21. Re5 Rxe5 22. dxe5 Qh6 23. Qd4 Be7 24. a4 g5 25. Ba3 Qg6 26. Nd3 Bd8 27. Bd6 Ba6 28. a5 Bxd3 29. cxd3 Qf7 30. Qc5 Rc8 31. b4 h5 32. Kf1 g4 33. fxg4 hxg4 34. Kg1 Qf5 35. Qxa7 Qxd3 36. Rf1 Bg5 1-0

[Event "POL-ch sf (Women)"]
[Site "Karpacz"]
[Date "2023.12.09"]
[Round "6"]
[White "Zapalowska, Wiktoria"]
[Black "Dmochowska, Agnieszka"]
[Result "0-1"]
[WhiteElo "1684"]
[BlackElo "2039"]
[PlyCount "80"]
[EventDate "2023.12.04"]
[EventType "swiss"]
[EventRounds "9"]
[EventCountry "POL"]
[SourceTitle "CB50_2023"]
[SourceDate "2023.12.13"]
[SourceVersion "1"]
[SourceVersionDate "2023.12.13"]
[SourceQuality "1"]

1. e4 c5 2. Nf3 Nc6 3. Bb5 e6 4. Bxc6 bxc6 5. 0-0 d6 6. d3 e5 7. h3 Be7 8. Nc3 Nf6 9. Nd2 Qc7 10. b3 0-0 11. Nc4 d5 12. Nb2 Ba6 13. Qe2 Rae8 14. Re1 Bb7 15. a4 a5 16. Bd2 Nd7 17. Qf3 Qd6 18. Ne2 f5 19. exf5 Bf6 20. Qg3 Bd8 21. d4 Rxf5 22. dxe5 Nxe5 23. Nd3 Qf8 24. Nxe5 Rexe5 25. f4 Re6 26. Nc3 Rg6 27. Qf2 Rh5 28. Qf3 Rf5 29. Rf1 Ba6 30. Rfe1 Bh4 31. Ne2 Bxe1 32. Rxe1 Re6 33. g4 Rfe5 34. c4 dxc4 35. Kf2 Re4 36. f5 Re8 37. Bxa5 c3 38. Bxc3 Rxe2+ 39. Rxe2 Rxe2+ 40. Kg3 Qd6+ 0-1

[Event "POL-chT 2nd League"]
[Site "Jastrzebia Gora"]
[Date "2023.09.02"]
[Round "1.60"]
[White "Pisarek, Elzbieta"]
[Black "Dmochowska, Agnieszka"]
[Result "0-1"]
[WhiteElo "1779"]
[BlackElo "2040"]
[PlyCount "70"]
[EventDate "2023.09.02"]
[EventType "team-swiss"]
[EventRounds "9"]
[EventCountry "POL"]
[SourceTitle "EXT 2024"]
[Source "ChessBase"]
[SourceDate "2023.10.10"]
[SourceVersion "1"]
[SourceVersionDate "2023.10.10"]
[SourceQuality "1"]
[WhiteTeam "Gliwice Politechnika Slaska"]
[BlackTeam "Radkow Giecek"]
[WhiteTeamCountry "POL"]
[BlackTeamCountry "POL"]

1. e4 c5 2. Nf3 Nc6 3. d4 cxd4 4. Nxd4 e5 5. Nb5 d6 6. N1c3 a6 7. Na3 b5 8. Nd5 Nge7 9. c4 Nd4 10. Be3 Nxd5 11. cxd5 g6 12. Nc2 Bg7 13. Bd3 0-0 14. 0-0 f5 15. Bxd4 exd4 16. exf5 gxf5 17. Qh5 Qf6 18. Rfe1 Bd7 19. Rad1 Rae8 20. Nb4 Re5 21. f4 Re3 22. Nc2 Be8 23. Qg5 Qxg5 24. fxg5 Re5 25. Nb4 Bh5 26. Rc1 Re3 27. Bb1 f4 28. Rxe3 dxe3 29. b3 Bd4 30. Nd3 e2+ 31. Nf2 Re8 32. Re1 Bc3 33. Nd3 Bg6 34. Kf2 Bxe1+ 35. Kxe1 Re3 0-1

[Event "Kavala op 32nd"]
[Site "Kavala"]
[Date "2023.08.03"]
[Round "8"]
[White "Dmochowska, Agnieszka"]
[Black "Ilamparthi, AR."]
[Result "0-1"]
[WhiteElo "2021"]
[BlackElo "2384"]
[PlyCount "64"]
[EventDate "2023.07.28"]
[EventType "swiss"]
[EventRounds "9"]
[EventCountry "GRE"]
[SourceTitle "CBM 215 Extra"]
[Source "ChessBase"]
[SourceDate "2023.09.30"]
[SourceVersion "1"]
[SourceVersionDate "2023.09.30"]
[SourceQuality "1"]

1. d4 Nf6 2. c4 g6 3. Nc3 Bg7 4. e4 d6 5. Nf3 0-0 6. Be2 Nbd7 7. 0-0 e5 8. Qc2 Qe7 9. Be3 c6 10. Rad1 Re8 11. d5 c5 12. b4 Ng4 13. Bg5 f6 14. Bd2 cxb4 15. Nb5 Nc5 16. Bxb4 b6 17. Nd2 h5 18. Nb3 f5 19. Nxc5 bxc5 20. Ba5 Rf8 21. Nc7 Rb8 22. Ne6 Bxe6 23. dxe6 Qxe6 24. Qd2 Rf6 25. Bc7 Rc8 26. Qxd6 Qf7 27. Qd8+ Rxd8 28. Rxd8+ Kh7 29. Bb8 fxe4 30. Bxg4 hxg4 31. Bxe5 Rf5 32. Bb8 e3 0-1

[Event "Warsaw Najdorf Memorial op-A"]
[Site "Warsaw"]
[Date "2023.07.12"]
[Round "2"]
[White "Kowalski, Igor"]
[Black "Dmochowska, Agnieszka"]
[Result "1-0"]
[WhiteElo "2380"]
[BlackElo "1977"]
[PlyCount "69"]
[EventDate "2023.07.11"]
[EventType "swiss"]
[EventRounds "9"]
[EventCountry "POL"]
[SourceTitle "EXT 2024"]
[Source "ChessBase"]
[SourceDate "2023.10.10"]
[SourceVersion "1"]
[SourceVersionDate "2023.10.10"]
[SourceQuality "1"]

1. d4 Nf6 2. c4 e6 3. Nf3 d5 4. g3 Bb4+ 5. Nbd2 0-0 6. Bg2 c6 7. 0-0 a5 8. Qc2 Nbd7 9. e4 dxe4 10. Nxe4 Nxe4 11. Qxe4 Nf6 12. Qc2 Be7 13. Rd1 Qb6 14. Be3 Qa6 15. Ne5 Nd7 16. h4 f6 17. Nd3 Rd8 18. Nf4 Nf8 19. c5 Bd7 20. h5 a4 21. Bf1 b5 22. cxb6 Qxb6 23. d5 c5 24. dxe6 Bxe6 25. Nxe6 Nxe6 26. Bc4 Re8 27. Qf5 Bf8 28. Bd3 g6 29. hxg6 hxg6 30. Qxf6 Bg7 31. Qxg6 Qxb2 32. Bc4 Qf6 33. Qxf6 Bxf6 34. Rab1 Kf8 35. Rd6 1-0

[Event "Wroclaw Litwinska Memorial op 2nd"]
[Site "Wroclaw"]
[Date "2022.11.05"]
[Round "7"]
[White "Dmochowska, Agnieszka"]
[Black "Zawadzka, Jolanta"]
[Result "1/2-1/2"]
[WhiteElo "1975"]
[BlackElo "2379"]
[PlyCount "99"]
[EventDate "2022.11.05"]
[EventType "swiss (rapid)"]
[EventRounds "7"]
[EventCountry "POL"]
[SourceTitle "EXT 2024"]
[Source "ChessBase"]
[SourceDate "2023.10.10"]
[SourceVersion "1"]
[SourceVersionDate "2023.10.10"]
[SourceQuality "1"]

1. e4 c5 2. Nf3 Nc6 3. d4 cxd4 4. Nxd4 e5 5. Nb5 d6 6. c4 g6 7. N1c3 a6 8. Na3 Bg7 9. Nd5 Nge7 10. Bg5 h6 11. Bf6 Bxf6 12. Nxf6+ Kf8 13. Be2 Nd4 14. 0-0 Nec6 15. Nd5 Kg7 16. f4 exf4 17. Rxf4 Qg5 18. Nc2 Nxe2+ 19. Qxe2 Be6 20. Nce3 Rac8 21. Raf1 Qe5 22. b3 Rhf8 23. Kh1 Rce8 24. Qf2 Qd4 25. Nc7 Qe5 26. Nxe8+ Rxe8 27. Nd5 Nd8 28. Nc7 Re7 29. Nxe6+ Qxe6 30. Qd4+ Qe5 31. Qd5 b5 32. h3 Ne6 33. Qxe5+ dxe5 34. R4f2 bxc4 35. bxc4 Rc7 36. Rc1 Nc5 37. Re2 Kf6 38. Kg1 Ke6 39. Rb1 Rc6 40. Kf2 f5 41. exf5+ gxf5 42. Rb8 Ne4+ 43. Kf3 Rxc4 44. Rb6+ Kd5 45. Rxa6 Kd4 46. Ra3 Ng5+ 47. Kf2 Ne4+ 48. Kf3 Ng5+ 49. Kf2 Ne4+ 50. Kf3 1/2-1/2

[Event "Wroclaw Litwinska Memorial op 2nd"]
[Site "Wroclaw"]
[Date "2022.11.05"]
[Round "4"]
[White "Wojs, Alicja"]
[Black "Dmochowska, Agnieszka"]
[Result "1-0"]
[WhiteElo "1434"]
[BlackElo "1975"]
[PlyCount "122"]
[EventDate "2022.11.05"]
[EventType "swiss (rapid)"]
[EventRounds "7"]
[EventCountry "POL"]
[SourceTitle "EXT 2024"]
[Source "ChessBase"]
[SourceDate "2023.10.10"]
[SourceVersion "1"]
[SourceVersionDate "2023.10.10"]
[SourceQuality "1"]

1. e4 c5 2. Nf3 Nc6 3. d4 cxd4 4. Nxd4 e5 5. Nb5 d6 6. N1c3 a6 7. Na3 b5 8. Nd5 Nge7 9. Be3 Nd4 10. Bxd4 Nxd5 11. exd5 exd4 12. Qxd4 Be7 13. Bd3 0-0 14. 0-0 Bf6 15. Qe4 g6 16. Rab1 Re8 17. Qf3 Be5 18. c4 Qh4 19. g3 Qg5 20. Rfe1 Bg4 21. Qe3 Qf6 22. Qd2 b4 23. Nc2 a5 24. Ne3 Bf3 25. Ng2 Kg7 26. Qc2 a4 27. Be4 Bd4 28. Bxf3 Qxf3 29. Rxe8 Rxe8 30. Re1 Rb8 31. Ne3 h5 32. Qd2 Qf6 33. Nd1 b3 34. a3 Rc8 35. Qe2 h4 36. Kg2 Rh8 37. h3 hxg3 38. fxg3 Qf5 39. g4 Qg5 40. Qd3 Be5 41. Qe3 Qh4 42. Rf1 Re8 43. Qf3 Re7 44. Rf2 Rc7 45. Qd3 Qg5 46. Qe3 Qxe3 47. Nxe3 Bd4 48. Kf3 Bxe3 49. Kxe3 Rxc4 50. Kd3 Rc5 51. Rf4 Rxd5+ 52. Kc3 Rc5+ 53. Kb4 Rc2 54. Kxa4 Rxb2 55. Rb4 Kf6 56. Rxb3 Ra2 57. Re3 d5 58. Kb3 Ra1 59. Kb2 Rd1 60. Kc2 Rd4 61. Kc3 Rf4 1-0

[Event "POL-ch Academic (Women)"]
[Site "Chorzow"]
[Date "2022.04.01"]
[Round "3"]
[White "Cyboran, Katarzyna"]
[Black "Dmochowska, Agnieszka"]
[Result "0-1"]
[WhiteElo "1729"]
[BlackElo "1880"]
[PlyCount "60"]
[EventDate "2022.04.01"]
[EventType "swiss (rapid)"]
[EventRounds "9"]
[EventCountry "POL"]
[SourceTitle "EXT 2024"]
[Source "ChessBase"]
[SourceDate "2023.10.10"]
[SourceVersion "1"]
[SourceVersionDate "2023.10.10"]
[SourceQuality "1"]

1. e4 c5 2. Nf3 Nc6 3. d4 cxd4 4. Nxd4 e5 5. Nb5 d6 6. N1c3 a6 7. Na3 b5 8. Nd5 Nge7 9. c3 Be6 10. Nc2 f5 11. Nxe7 Bxe7 12. exf5 Bxf5 13. Ne3 Be6 14. Nd5 0-0 15. Be2 Bh4 16. 0-0 Ne7 17. Nxe7+ Qxe7 18. Bg4 Rad8 19. g3 Bf6 20. f4 e4 21. Re1 d5 22. Be3 Bxg4 23. Qxg4 b4 24. Bd4 Rc8 25. Bxf6 Qxf6 26. cxb4 Rc2 27. Qd1 Qb6+ 28. Kh1 Qf2 29. Qxd5+ Kh8 30. Qh5 Qg2# 0-1

[Event "POL-ch Academic (Women)"]
[Site "Chorzow"]
[Date "2022.04.01"]
[Round "5"]
[White "Dmochowska, Agnieszka"]
[Black "Michalska, Aleksandra"]
[Result "1-0"]
[WhiteElo "1880"]
[BlackElo "1691"]
[PlyCount "51"]
[EventDate "2022.04.01"]
[EventType "swiss (rapid)"]
[EventRounds "9"]
[EventCountry "POL"]
[SourceTitle "EXT 2024"]
[Source "ChessBase"]
[SourceDate "2023.10.10"]
[SourceVersion "1"]
[SourceVersionDate "2023.10.10"]
[SourceQuality "1"]

1. e4 g6 2. d4 Bg7 3. Nc3 d6 4. f4 Nd7 5. Nf3 c5 6. Be3 b6 7. Bc4 Bb7 8. 0-0 h6 9. e5 cxd4 10. Bxd4 dxe5 11. Nxe5 Nxe5 12. fxe5 e6 13. Nb5 Bf8 14. Qg4 h5 15. Qf4 Nh6 16. Nd6+ Bxd6 17. exd6 Rh7 18. Bb5+ Kf8 19. Bf6 Qc8 20. Be7+ Kg8 21. d7 Qxc2 22. Rf2 Qf5 23. Qd6 Qxb5 24. d8Q+ Qe8 25. Qxe8+ Rxe8 26. Qd7 1-0

[Event "POL-ch Academic (Women)"]
[Site "Chorzow"]
[Date "2022.04.01"]
[Round "4"]
[White "Wisniowska, Klaudia"]
[Black "Dmochowska, Agnieszka"]
[Result "0-1"]
[WhiteElo "2066"]
[BlackElo "1880"]
[PlyCount "78"]
[EventDate "2022.04.01"]
[EventType "swiss (rapid)"]
[EventRounds "9"]
[EventCountry "POL"]
[SourceTitle "EXT 2024"]
[Source "ChessBase"]
[SourceDate "2023.10.10"]
[SourceVersion "1"]
[SourceVersionDate "2023.10.10"]
[SourceQuality "1"]

1. e4 c5 2. Nf3 Nc6 3. d4 cxd4 4. Nxd4 e5 5. Nb5 d6 6. N1c3 a6 7. Na3 b5 8. Nd5 Nge7 9. c4 Nd4 10. Bd3 Nxd5 11. exd5 g6 12. 0-0 Bg7 13. cxb5 0-0 14. bxa6 e4 15. Bxe4 Qh4 16. f4 Bxa6 17. Bd3 Rfe8 18. Bxa6 Rxa6 19. Qd3 Ra5 20. Kh1 Rxd5 21. Qh3 Qxh3 22. gxh3 Re2 23. Nc4 Rh5 24. Be3 Rxh3 25. Bg1 Nf3 26. Rxf3 Rxf3 27. Nxd6 Bxb2 28. Rb1 Rh3 29. a4 Bc3 30. Rb8+ Kg7 31. Rb7 Rd3 32. Nxf7 Kf6 33. Ne5 Bxe5 34. fxe5+ Rxe5 35. Rb6+ Kf7 36. Rb7+ Kf6 37. Rxh7 Re2 38. Rh8 Rd1 39. Rf8+ Ke5 0-1

[Event "POL-chT 1st League"]
[Site "Szklarska Poreba"]
[Date "2021.09.12"]
[Round "9.7"]
[White "Kubicka, Anna"]
[Black "Dmochowska, Agnieszka"]
[Result "1-0"]
[WhiteElo "2274"]
[BlackElo "2091"]
[PlyCount "55"]
[EventDate "2021.09.04"]
[EventType "team-swiss"]
[EventRounds "9"]
[EventCountry "POL"]
[SourceTitle "CBM 204 Extra"]
[Source "ChessBase"]
[SourceDate "2021.11.30"]
[SourceVersion "1"]
[SourceVersionDate "2021.11.30"]
[SourceQuality "1"]
[WhiteTeam "Dabrowa Gornicza Zaglebie"]
[BlackTeam "Wroclaw Polonia"]
[WhiteTeamCountry "POL"]
[BlackTeamCountry "POL"]

1. e4 e6 2. d4 d5 3. Nd2 Be7 4. Bd3 c5 5. dxc5 Bxc5 6. Ngf3 Nf6 7. Qe2 Nc6 8. 0-0 Qc7 9. c3 Be7 10. Re1 dxe4 11. Nxe4 Nd5 12. Bc2 h6 13. Ng3 Bd7 14. Nh5 g6 15. c4 Ndb4 16. Bf4 Qa5 17. Ng3 Nxc2 18. Qxc2 g5 19. Bd2 Qc7 20. Bc3 Rg8 21. Ne5 Nxe5 22. Bxe5 Qa5 23. Qh7 0-0-0 24. Qxf7 Bb4 25. Re2 Rdf8 26. Qh7 Qc5 27. a3 Ba5 28. b4 1-0

[Event "POL-chT 1st League"]
[Site "Szklarska Poreba"]
[Date "2021.09.10"]
[Round "7.8"]
[White "Dmochowska, Agnieszka"]
[Black "Czerwinska, Milena"]
[Result "1-0"]
[WhiteElo "2091"]
[BlackElo "1983"]
[PlyCount "63"]
[EventDate "2021.09.04"]
[EventType "team-swiss"]
[EventRounds "9"]
[EventCountry "POL"]
[SourceTitle "CBM 204 Extra"]
[Source "ChessBase"]
[SourceDate "2021.11.30"]
[SourceVersion "1"]
[SourceVersionDate "2021.11.30"]
[SourceQuality "1"]
[WhiteTeam "Wroclaw Polonia"]
[BlackTeam "Ostrow Wielkopolski"]
[WhiteTeamCountry "POL"]
[BlackTeamCountry "POL"]

1. e4 d6 2. d4 Nf6 3. Nc3 e5 4. Nf3 Nbd7 5. Bc4 Be7 6. a4 a5 7. 0-0 0-0 8. Re1 c6 9. Ba2 Qc7 10. h3 exd4 11. Nxd4 Nc5 12. Qf3 Be6 13. Nf5 Bxf5 14. Qxf5 Nfd7 15. Bg5 Bxg5 16. Qxg5 Rae8 17. Rad1 Nb6 18. Re3 Qe7 19. Qg4 Qe5 20. Rg3 g6 21. f4 Qe7 22. f5 Kh8 23. Qf4 Nxe4 24. Nxe4 Qxe4 25. Qxd6 Qxf5 26. Rb3 Nd5 27. Rxb7 Qxc2 28. Rf1 Kg8 29. Bxd5 cxd5 30. Qxd5 Rd8 31. Rfxf7 Qd1+ 32. Kh2 1-0

[Event "POL-chT 1st League"]
[Site "Szklarska Poreba"]
[Date "2021.09.05"]
[Round "2.10"]
[White "Mirowska, Oliwia"]
[Black "Dmochowska, Agnieszka"]
[Result "1/2-1/2"]
[WhiteElo "1778"]
[BlackElo "2091"]
[PlyCount "83"]
[EventDate "2021.09.04"]
[EventType "team-swiss"]
[EventRounds "9"]
[EventCountry "POL"]
[SourceTitle "CBM 204 Extra"]
[Source "ChessBase"]
[SourceDate "2021.11.30"]
[SourceVersion "1"]
[SourceVersionDate "2021.11.30"]
[SourceQuality "1"]
[WhiteTeam "Pilzno GKSz Hetman"]
[BlackTeam "Wroclaw Polonia"]
[WhiteTeamCountry "POL"]
[BlackTeamCountry "POL"]

1. c4 e5 2. Nc3 Nf6 3. g3 d5 4. cxd5 Nxd5 5. Bg2 Nb6 6. d3 Be7 7. Nf3 Nc6 8. Bd2 0-0 9. 0-0 Be6 10. a3 a5 11. Nb5 a4 12. Rc1 f6 13. Be3 Nd5 14. Bc5 Bxc5 15. Rxc5 Na5 16. e4 Ne7 17. Nxc7 Bb3 18. Qd2 b6 19. Rc3 Rc8 20. Rfc1 Qd7 21. Na6 Bf7 22. Rxc8 Nxc8 23. Qe3 Qb5 24. Nb4 Nb3 25. Rc3 Nd6 26. Bf1 Qd7 27. Qxb6 Nb5 28. Qc6 Qg4 29. Qxb5 Qxf3 30. Nc6 Nd2 31. Rc1 Be6 32. Bg2 Qh5 33. Ne7+ Kh8 34. Qb6 Nb3 35. Re1 Qf7 36. Nc6 Qd7 37. Nb4 Rc8 38. Qe3 Nd4 39. Qd2 Bg4 40. Qe3 h6 41. f3 Be6 42. Qd2 1/2-1/2

[Event "POL-ch Academic (Women)"]
[Site "Chorzow"]
[Date "2021.05.15"]
[Round "6.7"]
[White "Dabrowska, Aleksandra"]
[Black "Dmochowska, Agnieszka"]
[Result "0-1"]
[WhiteElo "1568"]
[BlackElo "2123"]
[PlyCount "62"]
[EventDate "2021.05.14"]
[EventType "swiss (rapid)"]
[EventRounds "9"]
[EventCountry "POL"]
[SourceTitle "CBM 202 Extra"]
[Source "ChessBase"]
[SourceDate "2021.07.31"]
[SourceVersion "1"]
[SourceVersionDate "2021.07.31"]
[SourceQuality "1"]

1. c4 b6 2. Nc3 Bb7 3. e4 e6 4. g3 f5 5. d3 Nf6 6. Bg2 Bb4 7. f3 fxe4 8. dxe4 0-0 9. Nge2 Bc5 10. Na4 Qe7 11. Nxc5 Qxc5 12. Qd4 Qh5 13. Nf4 Qe8 14. Qd1 Nh5 15. 0-0 Nxf4 16. Bxf4 Nc6 17. Bxc7 e5 18. Bd6 Rf6 19. Ba3 Nd4 20. b3 Qh5 21. Bb2 Rh6 22. Bxd4 exd4 23. Qxd4 Qxh2+ 24. Kf2 Rg6 25. g4 Rf8 26. Rh1 Qf4 27. Ke2 Bxe4 28. fxe4 Qxg4+ 29. Ke1 Qxg2 30. Qd5+ Kh8 31. Rh5 Rf1# 0-1

[Event "POL-ch Academic (Women)"]
[Site "Chorzow"]
[Date "2021.05.15"]
[Round "7.5"]
[White "Dmochowska, Agnieszka"]
[Black "Cieslak, Wiktoria"]
[Result "0-1"]
[WhiteElo "2123"]
[BlackElo "1997"]
[PlyCount "56"]
[EventDate "2021.05.14"]
[EventType "swiss (rapid)"]
[EventRounds "9"]
[EventCountry "POL"]
[SourceTitle "CBM 202 Extra"]
[Source "ChessBase"]
[SourceDate "2021.07.31"]
[SourceVersion "1"]
[SourceVersionDate "2021.07.31"]
[SourceQuality "1"]

1. e4 c5 2. c3 Nf6 3. e5 Nd5 4. Nf3 Nc6 5. Bc4 e6 6. d4 cxd4 7. cxd4 d6 8. 0-0 Be7 9. exd6 Qxd6 10. Nc3 a6 11. Re1 Nxc3 12. bxc3 0-0 13. Bd3 b5 14. Bg5 h6 15. Bxe7 Nxe7 16. a4 Bd7 17. Ne5 Nd5 18. axb5 Nxc3 19. Qf3 Bxb5 20. Rac1 Na2 21. Ra1 Bxd3 22. Qxd3 Nb4 23. Qe4 Rac8 24. Rec1 Rxc1+ 25. Rxc1 Rd8 26. Rd1 Nd5 27. Qf3 Nf6 28. Qc3 Qxe5 0-1

[Event "POL-ch Academic (Women)"]
[Site "Katowice"]
[Date "2020.11.13"]
[Round "1"]
[White "Bebnik, Malgorzata"]
[Black "Dmochowska, Agnieszka"]
[Result "0-1"]
[WhiteElo "1761"]
[BlackElo "2123"]
[PlyCount "64"]
[EventDate "2020.11.13"]
[EventType "swiss (rapid)"]
[EventRounds "9"]
[EventCountry "POL"]
[SourceTitle "CBM 199 Extra"]
[Source "ChessBase"]
[SourceDate "2021.01.31"]
[SourceVersion "1"]
[SourceVersionDate "2021.01.31"]
[SourceQuality "1"]

1. d4 Nf6 2. c4 e6 3. Nc3 Bb4 4. Bd2 0-0 5. e3 d5 6. Nf3 b6 7. Be2 dxc4 8. Bxc4 Bb7 9. 0-0 Nbd7 10. a3 Be7 11. Re1 c5 12. e4 cxd4 13. Nxd4 Ne5 14. Nxe6 fxe6 15. Bxe6+ Kh8 16. f4 Neg4 17. Bxg4 Nxg4 18. Qxg4 Qxd2 19. Rad1 Bc5+ 20. Kh1 Qxf4 21. Qd7 Rf7 22. Qb5 Raf8 23. b4 a6 24. Qd3 Be7 25. Kg1 Qf2+ 26. Kh1 Bh4 27. Nd5 Bxd5 28. exd5 Be7 29. Qxa6 Bd6 30. Qd3 Rf6 31. g3 Rh6 32. h4 Rxh4+ 0-1